| 000 | 02009cam a2200409 a 4500 | ||
|---|---|---|---|
| 999 |
_c128743 _d128743 |
||
| 001 | 15709467 | ||
| 003 | ARRUPE | ||
| 005 | 20190108115337.0 | ||
| 008 | 090423s2009 inu b s001 0 eng | ||
| 010 | _a 2009017097 | ||
| 015 |
_aGBA994215 _2bnb |
||
| 016 | 7 |
_a015380305 _2Uk |
|
| 020 | _a9780253353566 (cloth : alk. paper) | ||
| 020 | _a9780253221193 (pbk. : alk. paper) | ||
| 035 | _a(OCoLC)ocn313659040 | ||
| 040 |
_aDLC _cDLC _dBTCTA _dC#P _dYDXCP _dBWX _dUKM _dDLC |
||
| 043 |
_af-ng--- _ae-uk--- |
||
| 050 | 0 | 0 |
_aDT515.7 _b.F356 2009 |
| 082 | 0 | 0 |
_a966.9/03 _222 |
| 100 | 1 |
_aFalola, Toyin. _943881 |
|
| 245 | 1 | 0 |
_aColonialism and violence in Nigeria / _cToyin Falola. |
| 260 |
_aBloomington : _bIndiana University Press, _cc2009. |
||
| 300 |
_axxii, 231 p. ; _c24 cm. |
||
| 504 | _aIncludes bibliographical references and index. | ||
| 505 | 0 | _aViolence and colonial conquest -- Resistance by violence -- Violence and colonial consolidation -- Taxation and conflicts -- Gendered violence -- Verbal violence and radical nationalism -- Labor, wages, and riots -- Conclusion : violence and political culture. | |
| 650 | 0 |
_aViolence _xPolitical aspects _zNigeria _xHistory. _943882 |
|
| 650 | 0 |
_aViolence _xSocial aspects _zNigeria _xHistory. _943883 |
|
| 650 | 0 |
_aPolitical culture _zNigeria. _943884 |
|
| 651 | 0 |
_aNigeria _xHistory _y1851-1899. _93820 |
|
| 651 | 0 |
_aNigeria _xHistory _y1900-1960. _943885 |
|
| 651 | 0 |
_aNigeria _xPolitics and government _yTo 1960. _943886 |
|
| 651 | 0 |
_aNigeria _xColonization. _943887 |
|
| 651 | 0 |
_aNigeria _xColonial influence. _943888 |
|
| 651 | 0 |
_aGreat Britain _xColonies _zAfrica _xAdministration. _9934 |
|
| 856 | 4 | 2 |
_3Book review (H-Net) _uhttp://www.h-net.org/reviews/showrev.php?id=29504 |
| 906 |
_a7 _bcbc _corignew _d1 _eecip _f20 _gy-gencatlg |
||
| 942 |
_2lcc _cMONOGRAPH |
||